| 000 | 01729nim a2200457 i 4500 | ||
|---|---|---|---|
| 001 | bg | ||
| 003 | BPK | ||
| 005 | 20200710120720.0 | ||
| 007 | sd bmmennmplne | ||
| 008 | 120802s1972 pl nnnn jn n eng | ||
| 040 |
_aWA N _cBPK |
||
| 080 | _a811.111 | ||
| 080 | _a(07) | ||
| 080 | _a(086.7) | ||
| 100 | 1 |
_aStrevens, Peter _eAutor |
|
| 245 | 1 | 0 |
_aEnglish 901 : _ba basic course. _nBook 1-12. _nRecord 1-12 / _cPeter Strevens and English Language Services, Inc. |
| 260 |
_aWarszawa : _bPolskie Nagrania Muza, _c[1972]. |
||
| 300 |
_a12 płyt : _banalog., 33 o/min, mono. ; _c30 cm. |
||
| 490 | 1 | _aCollier-Macmillan English Program. | |
| 500 | _aPrzy współpracy: Edwina T. Corneliusa, Valerie Kay. | ||
| 650 | 4 |
_aJęzyk angielski _xpoziom podstawowy. |
|
| 655 | 4 | _aDokumenty dźwiękowe | |
| 710 | 2 |
_aPrzedsiębiorstwo Państwowe "Polskie Nagrania Muza". _4pbl. |
|
| 700 | 1 |
_aCornelius, Edwin T. _eWspółpraca |
|
| 700 | 1 |
_aKay, Valerie _eWspółpraca |
|
| 856 |
_uhttp://koha.tu.koszalin.pl/cgi-bin/koha/opac-detail.pl?biblionumber=50208 _yKatalog online BPK |
||
| 830 | 0 | _aCollier Macmillan English Program | |
| 942 |
_2UKD _cR |
||
| 999 |
_c50208 _d50208 |
||